000 00720cam a2200265 4500
008 090401t1993 xxu||||| |||| 00| 0 eng d
020 _a085406611X
035 _a(Sirsi) u59055
041 _aeng
050 _a693.893
_c18
090 _aRICS 1993/60ABCD
100 _aParnham, Phil
245 4 _aThe effectiveness of domestic extract fans.
260 _aLondon
_bRICS
_c1993
300 _a15p.
_bill.
_c30
350 _a5.20
490 _aRICS Research Paper Series
_v(31)
650 _aCONDENSATION
650 _aEXTRACT FANS
650 _aVENTILATION
690 _aBUILT ENVIRONMENT-BUILDING PATHOLOGY
710 _aRoyal Institution of Chartered Surveyors
_94900
942 _n0
948 _c04/03/1997
999 _c94123
_d94123